000 00424cam a22001337a 4500
008 180718b1991 xxu||||| |||| 00| 0 eng d
082 _aA99 M697n
100 _aMitra, Asok
245 _aNew India, 1948-1955: memories of an Indian civil servant
_cby Asok Mitra
260 _aBombay
_bPopular
_c1991
300 _a156p.
650 _aCivil service - Personnel narratives
650 _aMitra, Asok - Criticism and interpretation
999 _c349179
_d349179